एशिया की सर्वश्रेष्ठ लोककथाएं / (Record no. 50783)
[ view plain ]
| 000 -LEADER | |
|---|---|
| fixed length control field | 01064nam a22002177a 4500 |
| 005 - DATE AND TIME OF LATEST TRANSACTION | |
| control field | 2011022802212.0 |
| 008 - FIXED-LENGTH DATA ELEMENTS--GENERAL INFORMATION | |
| fixed length control field | 110228t xxu||||| |||| 00| 0 hin d |
| 020 ## - INTERNATIONAL STANDARD BOOK NUMBER | |
| Terms of availability | 175.00 |
| International Standard Book Number | 9788190482387 |
| 037 ## - SOURCE OF ACQUISITION | |
| Source of stock number/acquisition | मैट्रिक्स पब्लिशर्स |
| 040 ## - CATALOGING SOURCE | |
| Original cataloging agency | DPL |
| Language of cataloging | HN |
| 082 ## - DEWEY DECIMAL CLASSIFICATION NUMBER | |
| Classification number | क |
| 100 ## - MAIN ENTRY--PERSONAL NAME | |
| Personal name | देवेन्द्र कुमार |
| 9 (RLIN) | 1206 |
| 245 ## - TITLE STATEMENT | |
| Title | एशिया की सर्वश्रेष्ठ लोककथाएं / |
| Statement of responsibility, etc | देवेन्द्र कुमार |
| 246 ## - VARYING FORM OF TITLE | |
| Title proper/short title | Asia Ki Sarvashresht Lokkathain |
| Remainder of title | by Devendra Kumar |
| 260 ## - PUBLICATION, DISTRIBUTION, ETC. (IMPRINT) | |
| Place of publication, distribution, etc | दिल्ली |
| Name of publisher, distributor, etc | मैट्रिक्स पब्लिशर्स |
| Date of publication, distribution, etc | 2010 |
| 270 ## - ADDRESS | |
| Address | 1362,आत्माराम बिल्डिंग, कश्मीरी गेट |
| City | दिल्ली |
| Postal code | 110006 |
| 300 ## - PHYSICAL DESCRIPTION | |
| Extent | 112 पृ. |
| Dimensions | 24सेमी(सजिल्द) |
| Other physical details | सचित्र |
| 650 ## - SUBJECT ADDED ENTRY--TOPICAL TERM | |
| Topical term or geographic name as entry element | हिन्दी कहानियाँ |
| 9 (RLIN) | 26269 |
| 650 ## - SUBJECT ADDED ENTRY--TOPICAL TERM | |
| Topical term or geographic name as entry element | Hindi Stories |
| 9 (RLIN) | 788 |
| 942 ## - ADDED ENTRY ELEMENTS (KOHA) | |
| Source of classification or shelving scheme | Dewey Decimal Classification |
| Item type | Children Books |
| Call number suffix | देवेन्द्र |
| Classification part | क |
No items available.
